[Event "44th Guernsey International Open"]
[Site "?"]
[Date "2018.10.23"]
[Round "3"]
[White "Brookfield, Toby"]
[Black "Schadd, Jan"]
[Result "1-0"]
[WhiteElo "1873"]
[BlackElo "1872"]
[PlyCount "71"]
[EventDate "2018.10.21"]

1. e4 e6 2. d4 d5 3. Nc3 Bb4 4. e5 c5 5. a3 Bxc3+ 6. bxc3 Qa5 7. Bd2 Qa4 8. h4
Nc6 9. h5 Bd7 10. Nf3 h6 11. Qb1 c4 12. Be2 O-O-O 13. O-O Nge7 14. Nh4 Rdg8 15.
Qb2 Be8 16. Rfb1 b6 17. Qc1 g5 18. hxg6 Nxg6 19. Nxg6 fxg6 20. Bg4 Nd8 21. Rb4
Qd7 22. a4 h5 23. Bh3 g5 24. Bxg5 h4 25. a5 b5 26. a6 Rh5 27. Bf6 Qh7 28. Kf1
Rh6 29. Rab1 Rxg2 30. Bxg2 h3 31. Bh1 h2 32. Rxb5 Bxb5 33. Rxb5 Rg6 34. Qb2
Qh3+ 35. Ke2 Qh5+ 36. f3 1-0

[Event "44th Guernsey International Open"]
[Site "?"]
[Date "2018.10.24"]
[Round "4"]
[White "Povah, Nigel E"]
[Black "Korneev, Oleg"]
[Result "1-0"]
[WhiteElo "2303"]
[BlackElo "2560"]
[PlyCount "151"]
[EventDate "2018.10.21"]

1. d4 Nf6 2. Bf4 c5 3. e3 d5 4. c3 Nc6 5. Nd2 Bf5 6. Ngf3 e6 7. Qb3 Qc8 8. c4
cxd4 9. Nxd4 Bg6 10. Nxc6 bxc6 11. cxd5 Nxd5 12. Bg3 Bb4 13. Rd1 a5 14. Be2 a4
15. Qc4 a3 16. e4 Bxe4 17. Qxe4 axb2 18. Bd3 Ra4 19. O-O Qa8 20. Bc2 Rxa2 21.
Nb1 Be7 22. Be5 f6 23. Bc3 Kf7 24. Rfe1 e5 25. Bb3 Rb8 26. Bxa2 Qxa2 27. Qxh7
Rb3 28. Qh5+ Kf8 29. Bd2 Bc5 30. Qg4 Qa7 31. Rf1 Kf7 32. Qh5+ Kf8 33. Qh8+ Kf7
34. Qc8 Ne7 35. Qg4 Bd4 36. Qe2 Qa4 37. Kh1 Qb5 38. Qh5+ g6 39. Qh7+ Ke6 40.
Bh6 c5 41. Bf8 Qe8 42. Bxe7 Rb7 43. f4 Rxe7 44. Qh3+ Kf7 45. Qh7+ Kf8 46. Qh6+
Kf7 47. f5 Qg8 48. fxg6+ Qxg6 49. Qh3 e4 50. Nc3 e3 51. Ne2 Rb7 52. Rb1 Qe4 53.
Ng3 Qd3 54. Qh5+ Ke6 55. Qe8+ Re7 56. Qc6+ Kf7 57. Qd5+ Ke8 58. Rxb2 Qxf1+ 59.
Nxf1 Bxb2 60. Ng3 Bd4 61. h4 Re5 62. Qa8+ Kf7 63. Qa2+ Kg7 64. Qc2 Re8 65. h5
Rg8 66. Nf5+ Kh8 67. Qe4 Rg5 68. g4 Rg8 69. Kg2 Rg5 70. Kf3 Rg8 71. Qf4 Rg5 72.
Qb8+ Kh7 73. Qc7+ Kh8 74. Qd8+ Kh7 75. Qe7+ Kh8 76. Nxd4 1-0

[Event "44th Guernsey International Open"]
[Site "?"]
[Date "2018.10.24"]
[Round "4"]
[White "Hillarp Persson, Tiger"]
[Black "Le Roux, Jean Pierre"]
[Result "1-0"]
[WhiteElo "2544"]
[BlackElo "2532"]
[PlyCount "81"]
[EventDate "2018.10.21"]

1. c4 c5 2. Nf3 Nf6 3. Nc3 e6 4. g3 b6 5. Bg2 Bb7 6. O-O Be7 7. b3 d5 8. e3 O-O
9. Bb2 Na6 10. Qe2 d4 11. Nb5 d3 12. Qd1 Nb4 13. a3 Nc2 14. Rc1 a6 15. Nc3 Nd7
16. Ne2 Bf6 17. Bxf6 Qxf6 18. Nf4 Nxa3 19. Nxd3 e5 20. Ra1 Nc2 21. Nfxe5 Bxg2
22. Nxd7 Qxa1 23. Qxa1 Nxa1 24. Rxa1 Rfd8 25. Nxb6 Rxd3 26. Kxg2 Rb8 27. Na4
Rc8 28. Nc3 Rxd2 29. Rxa6 Rb2 30. Rb6 h5 31. Rb5 Ra8 32. Na4 Rb1 33. h4 f6 34.
Nxc5 Raa1 35. Nd3 Ra2 36. Nf4 Rbb2 37. Nh3 g6 38. Kf3 Rb1 39. c5 Rc1 40. b4 Kf8
41. Rb8+ 1-0

[Event "44th Guernsey International Open"]
[Site "?"]
[Date "2018.10.24"]
[Round "4"]
[White "Heppell, Ian N"]
[Black "Rosen, Daniel B"]
[Result "1-0"]
[WhiteElo "2031"]
[BlackElo "2081"]
[PlyCount "105"]
[EventDate "2018.10.21"]

1. e4 d6 2. Nc3 g6 3. f4 Bg7 4. Nf3 Nf6 5. Be2 O-O 6. O-O Bg4 7. d3 Nbd7 8. Qe1
c6 9. Qh4 Qa5 10. h3 Bxf3 11. Bxf3 b5 12. Be3 b4 13. Ne2 Qc7 14. f5 a5 15. Bh6
Rfb8 16. Nf4 Bh8 17. Qg3 Nf8 18. h4 e5 19. fxe6 fxe6 20. Bxf8 Rxf8 21. Nxe6
Qb6+ 22. Kh1 Rf7 23. Qxd6 Ne8 24. Qc5 Qxc5 25. Nxc5 Bxb2 26. Rad1 Be5 27. Bg4
Ng7 28. Rxf7 Kxf7 29. d4 Bg3 30. Bd7 Bxh4 31. Bxc6 Rd8 32. Bd5+ Ke7 33. Nb7 Rf8
34. Nxa5 Nh5 35. Nc6+ Kd6 36. Nxb4 Ng3+ 37. Kh2 Nf1+ 38. Kh3 g5 39. e5+ Kd7 40.
Bf3 Ne3 41. Rd3 Bf2 42. Nd5 Rxf3+ 43. gxf3 Nxd5 44. Kg4 h6 45. c4 Ne3+ 46. Kh5
Nxc4 47. Kxh6 Ke6 48. Kxg5 Kd5 49. Kf6 Na5 50. f4 Nc6 51. f5 Nxd4 52. e6 Ke4
53. Rxd4+ 1-0

[Event "44th Guernsey International Open"]
[Site "?"]
[Date "2018.10.24"]
[Round "4"]
[White "Grieve, Harry"]
[Black "Curtis, John E"]
[Result "1/2-1/2"]
[WhiteElo "2292"]
[BlackElo "2042"]
[PlyCount "132"]
[EventDate "2018.10.21"]

1. d4 d6 2. Nf3 Bg4 3. b3 Bxf3 4. gxf3 g6 5. f4 Bg7 6. Bg2 c6 7. Bb2 Nd7 8. Nd2
Nh6 9. Nf3 Nf6 10. O-O Nf5 11. c4 d5 12. e3 O-O 13. Qd3 e6 14. Rfc1 Re8 15. Rc2
Nh5 16. cxd5 exd5 17. Rac1 Bf8 18. a3 Bd6 19. b4 a6 20. Qb3 Qe7 21. Rb1 Nh4 22.
Bc1 Nxg2 23. Kxg2 Qe4 24. h3 Ng7 25. Rcb2 Nf5 26. Qd1 g5 27. Rb3 Kh8 28. Kf1
gxf4 29. exf4 Bxf4 30. Bxf4 Qxf4 31. Qc1 Qxc1+ 32. Rxc1 Re4 33. Rd1 Kg7 34. a4
f6 35. Rd2 Kf7 36. b5 axb5 37. axb5 Ra4 38. bxc6 bxc6 39. Rc2 Nxd4 40. Nxd4
Raxd4 41. Rxc6 Rf4 42. Kg2 Kg6 43. Rd6 Kf5 44. Rbb6 Kg5 45. Rb5 Rf5 46. Rb3
Rdf4 47. Rb2 Kh4 48. Rd2 Rg5+ 49. Kh2 Rf3 50. Rd4+ Kh5 51. Rd2 Kg6 52. R6xd5
Rxd5 53. Rxd5 Rxf2+ 54. Kg3 Rf5 55. Rd8 Ra5 56. Rg8+ Kf5 57. Rh8 Ra7 58. Rf8
Rg7+ 59. Kf3 Kg5 60. h4+ Kf5 61. Ra8 Re7 62. Ra5+ Re5 63. Ra7 h6 64. Ra3 Rb5
65. Kg3 Kg6 66. Rf3 Kh5 1/2-1/2

[Event "44th Guernsey International Open"]
[Site "?"]
[Date "2018.10.24"]
[Round "4"]
[White "Cornelisse, John"]
[Black "Collier, David O"]
[Result "1-0"]
[WhiteElo "2184"]
[BlackElo "1999"]
[PlyCount "49"]
[EventDate "2018.10.21"]

1. d4 Nf6 2. c4 e6 3. Nc3 Bb4 4. e3 O-O 5. Bd3 c5 6. Nf3 d5 7. O-O Nc6 8. a3
Bxc3 9. bxc3 dxc4 10. Bxc4 Qc7 11. Ba2 e5 12. h3 e4 13. Nd2 Re8 14. Bb2 Qe7 15.
a4 cxd4 16. cxd4 Bf5 17. Nc4 Rad8 18. Ba3 Qc7 19. Rc1 Qb8 20. Qe2 Nd5 21. Qh5
Bg6 22. Qg4 Re6 23. Rfd1 Kh8 24. Ne5 Nf6 25. Nxg6+ 1-0

[Event "44th Guernsey International Open"]
[Site "?"]
[Date "2018.10.24"]
[Round "4"]
[White "Prins, Jan H"]
[Black "Havenaar, Jan"]
[Result "1/2-1/2"]
[WhiteElo "2003"]
[BlackElo "2043"]
[PlyCount "37"]
[EventDate "2018.10.21"]

1. d4 Nf6 2. Nf3 g6 3. Bf4 d6 4. e3 Bg7 5. Bc4 O-O 6. h3 c5 7. c3 Nc6 8. dxc5
dxc5 9. Qxd8 Nxd8 10. a4 Be6 11. Be2 Bd5 12. O-O Ne6 13. Be5 Rfd8 14. c4 Bc6
15. Nc3 Ne4 16. Bxg7 Kxg7 17. Nxe4 Bxe4 18. Rfd1 a5 19. Ne1 1/2-1/2

[Event "44th Guernsey International Open"]
[Site "?"]
[Date "2018.10.24"]
[Round "4"]
[White "Thurlow, Kevin J"]
[Black "Purdon, Colin"]
[Result "1/2-1/2"]
[WhiteElo "2002"]
[BlackElo "2036"]
[PlyCount "54"]
[EventDate "2018.10.21"]

1. c4 c6 2. e4 d5 3. exd5 Nf6 4. Nc3 cxd5 5. cxd5 Nxd5 6. Bc4 Nb6 7. Bb3 Nc6 8.
Nf3 e5 9. O-O Be7 10. Re1 Bg4 11. h3 Bh5 12. g4 Bg6 13. Nxe5 Nxe5 14. Rxe5 O-O
15. Nd5 Bd6 16. Nxb6 Qxb6 17. Re1 Bc5 18. d4 Bxd4 19. Be3 Rad8 20. Bxd4 Rxd4
21. Qe2 Rd3 22. Kg2 h5 23. Rad1 Qc6+ 24. f3 Rxd1 25. Qxd1 Qf6 26. Qe2 Rd8 27.
Rd1 Rxd1 1/2-1/2

[Event "44th Guernsey International Open"]
[Site "?"]
[Date "2018.10.24"]
[Round "4"]
[White "Sedgwick, David R"]
[Black "De Kruif, Kees"]
[Result "1-0"]
[WhiteElo "2013"]
[BlackElo "1979"]
[PlyCount "59"]
[EventDate "2018.10.21"]

1. e4 c5 2. Nc3 d6 3. f4 Nc6 4. Nf3 Bg4 5. h3 Bxf3 6. Qxf3 e6 7. Bb5 Nge7 8. d3
a6 9. Bxc6+ Nxc6 10. O-O Be7 11. Be3 Bf6 12. Rae1 Qb6 13. e5 Be7 14. exd6 Bxd6
15. Ne4 Be7 16. f5 O-O-O 17. fxe6 fxe6 18. Qg4 Nd4 19. Bxd4 cxd4 20. Nd2 Kb8
21. Qxe6 Qxe6 22. Rxe6 Bg5 23. Nc4 Rhe8 24. Re4 Rf8 25. g3 b5 26. Ne5 Rxf1+ 27.
Kxf1 Rf8+ 28. Ke2 Rc8 29. Kd1 Rf8 30. Nd7+ 1-0

[Event "44th Guernsey International Open"]
[Site "?"]
[Date "2018.10.24"]
[Round "4"]
[White "Waddington, Mike P"]
[Black "Froberg, Gert Jan"]
[Result "1-0"]
[WhiteElo "2096"]
[BlackElo "1867"]
[PlyCount "29"]
[EventDate "2018.10.21"]

1. Nc3 b6 2. e4 Bb7 3. d4 e6 4. Bd3 Nf6 5. Qe2 d6 6. f4 Nbd7 7. Nf3 c5 8. O-O
Be7 9. e5 Nd5 10. f5 cxd4 11. fxe6 Nxe5 12. Nxe5 dxe5 13. Bb5+ Kf8 14. Rxf7+
Kg8 15. Rxg7+ 1-0

[Event "44th Guernsey International Open"]
[Site "?"]
[Date "2018.10.24"]
[Round "4"]
[White "Fassaert, Desire JM"]
[Black "Wager, John D"]
[Result "1/2-1/2"]
[WhiteElo "1942"]
[BlackElo "2029"]
[PlyCount "150"]
[EventDate "2018.10.21"]

1. c4 Nf6 2. g3 g6 3. Bg2 Bg7 4. Nc3 O-O 5. e3 c6 6. Nge2 d5 7. d4 dxc4 8. Qa4
Nbd7 9. Qxc4 e5 10. O-O Nb6 11. Qb3 Be6 12. Qc2 Nfd5 13. dxe5 Bxe5 14. Rd1 Qe7
15. Nxd5 Bxd5 16. e4 Bc4 17. Be3 Qb4 18. Nc3 Rfd8 19. f4 Bg7 20. Rd2 Rxd2 21.
Qxd2 Ba6 22. a3 Qb3 23. Bxb6 Qxb6+ 24. Kh1 Rd8 25. Qc2 Bd3 26. Qc1 Bd4 27. Nd1
Qb3 28. Bf3 Bc2 29. Kg2 Bxd1 30. Bxd1 Qxb2+ 31. Qxb2 Bxb2 32. Ra2 Bxa3 33. Bf3
Rd2+ 34. Kh3 b6 35. e5 c5 36. Ra1 Rd3 37. Be4 Re3 38. Bc6 c4 39. Bb5 a5 40.
Bxc4 Rc3 41. Bb5 Bb4 42. Rd1 Rc5 43. Rd8+ Kg7 44. Be8 Rc7 45. Rd7 Rxd7 46. Bxd7
Kf8 47. Kg4 Ke7 48. Bb5 f6 49. Kf3 h5 50. h3 Bc5 51. exf6+ Kxf6 52. Ke4 Bf2 53.
g4 h4 54. Be8 Be1 55. Kd5 Bd2 56. Ke4 Bc1 57. Kf3 g5 58. fxg5+ Bxg5 59. Ke4 Ke7
60. Ba4 Kd6 61. Kf5 Bd2 62. g5 Kc5 63. g6 Bc3 64. Kg5 b5 65. Bd1 a4 66. Kxh4
Kc4 67. Kg3 a3 68. Bg4 Kb3 69. h4 a2 70. Be6+ Kb2 71. Bxa2 Kxa2 72. h5 Bg7 73.
Kf4 b4 74. Kg5 b3 75. h6 Bxh6+ 1/2-1/2

[Event "44th Guernsey International Open"]
[Site "?"]
[Date "2018.10.24"]
[Round "4"]
[White "Karstens, Lex"]
[Black "Van den Boogaart, Jan Maarten"]
[Result "1/2-1/2"]
[WhiteElo "1874"]
[BlackElo "2009"]
[PlyCount "31"]
[EventDate "2018.10.21"]

1. d4 d5 2. Bg5 c6 3. Nf3 h6 4. Bh4 Qb6 5. Qc1 Bf5 6. c4 e6 7. Nc3 Be7 8. Bg3
Nf6 9. c5 Qd8 10. e3 Nbd7 11. h3 a5 12. a3 a4 13. Be2 O-O 14. O-O b6 15. cxb6
Qxb6 16. Bd1 1/2-1/2

[Event "44th Guernsey International Open"]
[Site "?"]
[Date "2018.10.24"]
[Round "4"]
[White "Bolt, Graham"]
[Black "Gravett, Alan D"]
[Result "1/2-1/2"]
[WhiteElo "1994"]
[BlackElo "1821"]
[PlyCount "44"]
[EventDate "2018.10.21"]

1. Nf3 g6 2. g3 Bg7 3. Bg2 c5 4. e4 d6 5. O-O Nf6 6. c3 O-O 7. Re1 Nbd7 8. Na3
Rb8 9. d4 cxd4 10. cxd4 b5 11. b4 e5 12. Rb1 a6 13. Bb2 Qb6 14. h3 Bb7 15. Qd3
Rfe8 16. Nd2 Nh5 17. d5 Rbc8 18. Nb3 Bh6 19. Nc2 Nxg3 20. Bc1 Bxc1 21. Nxc1 Nh5
22. Ne2 Qd8 1/2-1/2

[Event "44th Guernsey International Open"]
[Site "?"]
[Date "2018.10.24"]
[Round "4"]
[White "Van Ginkel, Henk"]
[Black "Rowe, Peter"]
[Result "0-1"]
[WhiteElo "1842"]
[BlackElo "1951"]
[PlyCount "100"]
[EventDate "2018.10.21"]

1. e4 c5 2. Nc3 a6 3. a4 e6 4. g3 b6 5. Bg2 Bb7 6. d3 Nf6 7. f4 Be7 8. Nf3 d6
9. O-O O-O 10. Bd2 Nc6 11. h3 Qc7 12. g4 Rfd8 13. Ne2 b5 14. Kh1 Nd7 15. f5
exf5 16. gxf5 Bf6 17. Bg5 Nce5 18. Bxf6 Nxf6 19. Nxe5 dxe5 20. axb5 axb5 21.
Rxa8 Bxa8 22. Ng3 c4 23. Qe2 cxd3 24. cxd3 Qd6 25. Rc1 h6 26. Bf1 Bb7 27. Kh2
b4 28. Rd1 Qd4 29. Bg2 b3 30. Rd2 Rd6 31. Rd1 Ba6 32. Bf1 Rc6 33. Rd2 Bb5 34.
Kg2 Ba4 35. Qd1 Rc5 36. Be2 Qe3 37. Nf1 Qg5+ 38. Kh2 Rc2 39. Bf3 Qf4+ 40. Kg2
Nh7 41. Re2 Ng5 42. Nd2 Rxb2 43. Bh5 Rc2 44. Nxb3 Rxe2+ 45. Bxe2 Qe3 46. Bg4 h5
47. h4 hxg4 48. hxg5 Qh3+ 49. Kf2 Qh2+ 50. Ke3 Qf4+ 0-1

[Event "44th Guernsey International Open"]
[Site "?"]
[Date "2018.10.24"]
[Round "4"]
[White "Reijneveld, Ad"]
[Black "Goris, Ton"]
[Result "1-0"]
[WhiteElo "2089"]
[BlackElo "1922"]
[PlyCount "97"]
[EventDate "2018.10.21"]

1. e4 e6 2. d4 d5 3. Nd2 dxe4 4. Nxe4 Bd7 5. Nf3 Bc6 6. Bd3 Nd7 7. O-O Ngf6 8.
Nxf6+ Qxf6 9. Be2 Bxf3 10. Bxf3 c6 11. c4 Be7 12. b3 O-O 13. Bb2 Rfe8 14. Qc2
Qg5 15. Be4 Nf8 16. f4 Qa5 17. f5 Bf6 18. Kh1 Rad8 19. Rad1 h6 20. fxe6 Rxe6
21. Bf5 Red6 22. c5 Rd5 23. Be4 R5d7 24. Bc3 Qc7 25. Rxf6 gxf6 26. Qf2 Ng6 27.
g3 Re8 28. Bxg6 fxg6 29. Qxf6 Kh7 30. Rf1 Qd8 31. Qf4 Qg5 32. Qxg5 hxg5 33. Rf2
Ree7 34. Kg2 Rf7 35. Rd2 g4 36. b4 Rf3 37. Bb2 Rdf7 38. b5 Kg8 39. a4 Kf8 40.
a5 Ke8 41. a6 cxb5 42. axb7 Rxb7 43. d5 Rf5 44. c6 Rc7 45. Ba3 Kd8 46. Bb4 Kc8
47. d6 Rxc6 48. d7+ Kd8 49. Be7+ 1-0

[Event "44th Guernsey International Open"]
[Site "?"]
[Date "2018.10.24"]
[Round "4"]
[White "Kraft, Karl Heinz"]
[Black "Hawkins, James NH"]
[Result "1-0"]
[WhiteElo "2047"]
[BlackElo "1910"]
[PlyCount "115"]
[EventDate "2018.10.21"]

1. e4 e5 2. f4 d5 3. exd5 exf4 4. Nf3 Nf6 5. Bc4 Nxd5 6. Nc3 Nxc3 7. dxc3 Bd6
8. O-O O-O 9. Nd4 Qh4 10. Qf3 Bg4 11. Qe4 g5 12. Nf5 Bxf5 13. Qxf5 Nc6 14. g3
Qh5 15. gxf4 Rae8 16. Qxg5+ Qxg5+ 17. fxg5 Re4 18. Bd5 Rh4 19. Rf6 Bxh2+ 20.
Kg2 Be5 21. Rh6 Rxh6 22. gxh6 Rd8 23. Bxc6 bxc6 24. Be3 Rb8 25. Rd1 Bd6 26. b3
a6 27. Kf3 Be5 28. Rg1+ Kh8 29. Bd4 Bxd4 30. cxd4 Rd8 31. Re1 Kg8 32. Re7 Rc8
33. Re5 Kf8 34. Rc5 Rd8 35. Rxc6 Rxd4 36. Rxc7 Rd6 37. c4 Rxh6 38. Ra7 Rg6 39.
b4 h5 40. c5 h4 41. Ra8+ Ke7 42. Rh8 Rg3+ 43. Kf4 Ra3 44. Rxh4 Rxa2 45. Ke5 Ra4
46. Re4 Kd7 47. Kd5 Ra1 48. c6+ Kd8 49. Kc5 Rc1+ 50. Kb6 f5 51. Rf4 Rb1 52.
Rd4+ Ke7 53. c7 Rc1 54. Kb7 Ke6 55. c8=Q+ Rxc8 56. Kxc8 Ke5 57. Rd1 Kf4 58. Kb7
1-0

[Event "44th Guernsey International Open"]
[Site "?"]
[Date "2018.10.24"]
[Round "4"]
[White "Magnussen, Pal"]
[Black "Morcom, Huw"]
[Result "1/2-1/2"]
[WhiteElo "2000"]
[BlackElo "1901"]
[PlyCount "60"]
[EventDate "2018.10.21"]

1. e4 c5 2. Nf3 d6 3. Bb5+ Nd7 4. c3 a6 5. Ba4 Ngf6 6. Bc2 g6 7. d4 Qc7 8. O-O
Bg7 9. Re1 O-O 10. Bg5 h6 11. Bh4 e5 12. a4 b6 13. Nbd2 Re8 14. dxe5 dxe5 15.
Nc4 Bf8 16. Qd2 Bb7 17. Rad1 Re6 18. Bg3 b5 19. axb5 axb5 20. Ncxe5 Nxe5 21.
Nxe5 Qe7 22. f4 Nh5 23. Bf2 Nxf4 24. Qxf4 Rxe5 25. Bg3 Re6 26. e5 Re8 27. Qf1
c4 28. Rd6 Bg7 29. Rxe6 Qxe6 30. Qf4 Bc6 1/2-1/2

[Event "44th Guernsey International Open"]
[Site "?"]
[Date "2018.10.24"]
[Round "4"]
[White "Dilleigh, Stephen P"]
[Black "Brookfield, Toby"]
[Result "1-0"]
[WhiteElo "1986"]
[BlackElo "1873"]
[PlyCount "55"]
[EventDate "2018.10.21"]

1. Nf3 f5 2. g3 Nf6 3. Bg2 e6 4. c4 Be7 5. O-O O-O 6. b3 d6 7. d4 Ne4 8. Bb2
Bf6 9. Nbd2 Nc6 10. Ne1 Nxd2 11. Qxd2 e5 12. Bd5+ Kh8 13. Bxc6 bxc6 14. dxe5
dxe5 15. Rd1 Qe7 16. Qa5 f4 17. Ba3 Qf7 18. Bxf8 Qxf8 19. Qxc7 Bh3 20. Ng2 h5
21. Qxc6 Rd8 22. Rxd8 Qxd8 23. Qd5 Qe8 24. Rd1 h4 25. gxf4 Qg6 26. fxe5 Bxe5
27. Qd8+ Kh7 28. Qxh4+ 1-0

[Event "44th Guernsey International Open"]
[Site "?"]
[Date "2018.10.24"]
[Round "4"]
[White "Burton, Ronnie"]
[Black "Ingham, H William"]
[Result "1-0"]
[WhiteElo "1919"]
[BlackElo "1849"]
[PlyCount "97"]
[EventDate "2018.10.21"]

1. Nf3 Nf6 2. g3 d6 3. Bg2 e5 4. d3 Be7 5. c4 c6 6. Nc3 Qc7 7. O-O Bg4 8. h3
Bh5 9. Be3 Nbd7 10. Rc1 a5 11. a3 Qb8 12. b4 axb4 13. axb4 d5 14. cxd5 cxd5 15.
Nb5 O-O 16. Qb3 Rc8 17. Rxc8+ Qxc8 18. Rc1 Qf8 19. Nc7 Rc8 20. Nxd5 Rxc1+ 21.
Bxc1 Nxd5 22. Qxd5 Nf6 23. Qxb7 Bxb4 24. g4 Bg6 25. Nxe5 Bd6 26. Nxg6 hxg6 27.
Qa8 Bc5 28. Qxf8+ Kxf8 29. e3 Ke7 30. d4 Bb4 31. Kf1 Kd6 32. Ke2 Nd7 33. Kd3
Nb6 34. e4 f6 35. f4 Ke6 36. Be3 Ba5 37. Bf1 Kd6 38. Bd2 Bxd2 39. Kxd2 Nd7 40.
Kc3 f5 41. e5+ Ke7 42. Kc4 Nb6+ 43. Kc5 Na4+ 44. Kc6 Nc3 45. d5 Ne4 46. d6+ Kd8
47. Bc4 Nf2 48. Bf7 fxg4 49. e6 1-0

[Event "44th Guernsey International Open"]
[Site "?"]
[Date "2018.10.24"]
[Round "4"]
[White "Canonne, Antoine"]
[Black "Taylor, Mark V"]
[Result "1/2-1/2"]
[WhiteElo "1902"]
[BlackElo "1933"]
[PlyCount "51"]
[EventDate "2018.10.21"]

1. e4 e6 2. d4 c5 3. c3 cxd4 4. cxd4 Nf6 5. Nc3 Bb4 6. Bd3 O-O 7. Nf3 h6 8. O-O
d6 9. Bd2 Nc6 10. Rc1 a6 11. h3 e5 12. Be3 Re8 13. d5 Ne7 14. a3 Ba5 15. Qb3
Nd7 16. Ne2 Bb6 17. Bxb6 Nxb6 18. Rfd1 Rf8 19. Ng3 Nd7 20. Bb1 a5 21. Qe3 a4
22. Rc3 Ra5 23. Nh2 Rc5 24. Ng4 Rxc3 25. bxc3 Ng6 26. Nf5 1/2-1/2

[Event "44th Guernsey International Open"]
[Site "?"]
[Date "2018.10.24"]
[Round "4"]
[White "Spanton, Timothy R"]
[Black "Cummins, John"]
[Result "1-0"]
[WhiteElo "1923"]
[BlackElo "1748"]
[PlyCount "95"]
[EventDate "2018.10.21"]

1. Nf3 e6 2. c4 Nf6 3. Nc3 d5 4. d4 c5 5. cxd5 Nxd5 6. e4 Nxc3 7. bxc3 Be7 8.
d5 O-O 9. Be3 b6 10. Bc4 Ba6 11. Bxa6 Nxa6 12. dxe6 fxe6 13. Qa4 Nb8 14. Rd1
Qc7 15. O-O Qc6 16. Qxc6 Nxc6 17. Ng5 e5 18. Ne6 Rf6 19. Nc7 Rd8 20. Rxd8+ Bxd8
21. Nd5 Re6 22. Rd1 h6 23. f3 Kh7 24. Bf2 Kh8 25. Ne3 Kh7 26. Nf5 Bf6 27. Rd7
Kg8 28. Kf1 Kf8 29. Rc7 Kg8 30. Ke2 Kf8 31. h4 h5 32. g4 hxg4 33. fxg4 a5 34.
h5 Ne7 35. Nxe7 Rxe7 36. Rc6 Rb7 37. Be3 Kf7 38. g5 Bd8 39. g6+ Ke8 40. Re6+
Re7 41. Rxe7+ Bxe7 42. a4 Bf6 43. Kd3 Kd7 44. Kc4 Ke6 45. Kb5 Bd8 46. Kc6 Be7
47. Kxb6 Bd8+ 48. Kxc5 1-0

[Event "44th Guernsey International Open"]
[Site "?"]
[Date "2018.10.24"]
[Round "4"]
[White "Carlucci, Paul A"]
[Black "Sikkel, Dirk"]
[Result "0-1"]
[WhiteElo "1817"]
[BlackElo "1969"]
[PlyCount "67"]
[EventDate "2018.10.21"]

1. d4 g6 2. Nf3 Bg7 3. e3 d6 4. Be2 Nd7 5. O-O e5 6. c4 Ne7 7. Nc3 O-O 8. h3 h6
9. dxe5 dxe5 10. e4 Nc5 11. Be3 Ne6 12. Qc1 Kh7 13. Nh2 Nd4 14. Rd1 c5 15. f4
Nec6 16. Bf1 exf4 17. Bxf4 Be6 18. Nd5 Rc8 19. Ne3 Qe7 20. Neg4 h5 21. Nf2 Rcd8
22. Bg5 f6 23. Be3 Rd7 24. Rd2 Rfd8 25. Qe1 Qf7 26. b3 f5 27. Bg5 Bf6 28. Bxf6
Qxf6 29. Rad1 Nb4 30. Bd3 Ndc6 31. exf5 Bxf5 32. Bxf5 Qxf5 33. Rxd7+ Rxd7 34.
Nf3 $138 {... (0-1, Time).} 0-1

[Event "44th Guernsey International Open"]
[Site "?"]
[Date "2018.10.24"]
[Round "4"]
[White "Dijksterhuis, Rolf"]
[Black "Schadd, Jan"]
[Result "1/2-1/2"]
[WhiteElo "1958"]
[BlackElo "1872"]
[PlyCount "28"]
[EventDate "2018.10.21"]

1. e4 e6 2. d4 d5 3. Nc3 Bb4 4. Nge2 dxe4 5. a3 Be7 6. Nxe4 Nf6 7. N2g3 e5 8.
Nxf6+ Bxf6 9. d5 O-O 10. Be2 c6 11. Bf3 cxd5 12. Qxd5 Nc6 13. Qxd8 Rxd8 14. c3
Be6 1/2-1/2

[Event "44th Guernsey International Open"]
[Site "?"]
[Date "2018.10.25"]
[Round "5"]
[White "Povah, Nigel E"]
[Black "Hillarp Persson, Tiger"]
[Result "0-1"]
[WhiteElo "2303"]
[BlackElo "2544"]
[PlyCount "42"]
[EventDate "2018.10.21"]

1. d4 e6 2. Bf4 f5 3. h3 Nf6 4. g4 d5 5. Nf3 Bd6 6. Ne5 Ne4 7. e3 Qh4 8. Qf3
Nd7 9. Rg1 Bxe5 10. Bxe5 Nxe5 11. dxe5 O-O 12. g5 Nxg5 13. Qg2 h6 14. Nc3 f4
15. O-O-O fxe3 16. fxe3 Qf2 17. e4 c6 18. Rd2 Qxg2 19. Rdxg2 Rf4 20. Rg3 Bd7
21. Bd3 Raf8 0-1

[Event "44th Guernsey International Open"]
[Site "?"]
[Date "2018.10.25"]
[Round "5"]
[White "Korneev, Oleg"]
[Black "Heppell, Ian N"]
[Result "1-0"]
[WhiteElo "2560"]
[BlackElo "2031"]
[PlyCount "49"]
[EventDate "2018.10.21"]

1. d4 f5 2. Nc3 d5 3. Bf4 Nf6 4. e3 c6 5. Nf3 e6 6. a3 Be7 7. h3 O-O 8. g4 Ne4
9. gxf5 exf5 10. Ne2 Nd7 11. Nc1 Ndf6 12. Nd3 Bd7 13. Rg1 Kh8 14. Nfe5 Be8 15.
f3 Bh5 16. Qe2 Nd6 17. Qg2 Nde8 18. O-O-O Qa5 19. Bg5 Rd8 20. Nf4 Bf7 21. Bd3
g6 22. Bh6 Ng7 23. Nfxg6+ Bxg6 24. Nxg6+ hxg6 25. Bxg7+ 1-0

[Event "44th Guernsey International Open"]
[Site "?"]
[Date "2018.10.25"]
[Round "5"]
[White "Le Roux, Jean Pierre"]
[Black "Sedgwick, David R"]
[Result "1-0"]
[WhiteElo "2532"]
[BlackElo "2013"]
[PlyCount "77"]
[EventDate "2018.10.21"]

1. d4 d5 2. Nf3 c5 3. dxc5 Nc6 4. a3 a5 5. Nc3 d4 6. Nb5 e5 7. e3 Bxc5 8. exd4
Bb6 9. Bg5 f6 10. Be3 Bg4 11. Be2 Bxf3 12. Bxf3 Nxd4 13. Bxd4 exd4 14. Qd3 Ne7
15. O-O-O O-O 16. Nxd4 Bxd4 17. Qxd4 Qc7 18. Qd6 Rac8 19. Qxc7 Rxc7 20. Rhe1
Rfc8 21. Rd2 Ng6 22. Re6 Ne5 23. Bd5 Kf8 24. Rb6 Rb8 25. Rb5 b6 26. Bb3 Rd7 27.
Rbd5 Rxd5 28. Rxd5 b5 29. a4 bxa4 30. Bxa4 Rc8 31. Rxa5 Nd3+ 32. Kb1 Nxf2 33.
Ra7 Rb8 34. Bb3 Ne4 35. Rf7+ Ke8 36. Rxg7 Nd2+ 37. Kc1 Nxb3+ 38. cxb3 Rxb3 39.
Rxh7 1-0

[Event "44th Guernsey International Open"]
[Site "?"]
[Date "2018.10.25"]
[Round "5"]
[White "Curtis, John E"]
[Black "Cornelisse, John"]
[Result "0-1"]
[WhiteElo "2042"]
[BlackElo "2184"]
[PlyCount "102"]
[EventDate "2018.10.21"]

1. d4 c5 2. d5 Nf6 3. Nc3 d6 4. e4 g6 5. Nf3 Bg7 6. Bb5+ Bd7 7. a4 O-O 8. O-O
Bxb5 9. axb5 Nbd7 10. Re1 Ne8 11. Bf4 Nb6 12. Qd3 Nc7 13. Rad1 Qd7 14. e5 a6
15. bxa6 Nxa6 16. Qe4 Nb4 17. h4 Rfd8 18. h5 Qf5 19. hxg6 Qxg6 20. exd6 exd6
21. Bg5 f6 22. Qe6+ Qf7 23. Bf4 Nc4 24. Nb5 Nxb2 25. Rb1 Nc4 26. Nxd6 Qxe6 27.
Rxe6 Na3 28. Rd1 Naxc2 29. Nxb7 Rxd5 30. Rxd5 Nxd5 31. Bd2 Bf8 32. Rc6 Ncb4 33.
Bxb4 cxb4 34. Nd4 Kf7 35. Nd6+ Ke7 36. Nc4 Ra1+ 37. Kh2 Rd1 38. Nb3 Kd7 39. Ra6
Be7 40. g3 f5 41. Ncd2 Re1 42. Kg2 f4 43. g4 Nf6 44. Kf3 Rg1 45. Kxf4 Bd6+ 46.
Kf5 Nxg4 47. Ra7+ Bc7 48. Nc5+ Kc6 49. Ne6 Nh6+ 50. Kf6 Rg6+ 51. Ke7 Bd6+ 0-1

[Event "44th Guernsey International Open"]
[Site "?"]
[Date "2018.10.25"]
[Round "5"]
[White "Purdon, Colin"]
[Black "Grieve, Harry"]
[Result "1-0"]
[WhiteElo "2036"]
[BlackElo "2292"]
[PlyCount "71"]
[EventDate "2018.10.21"]

1. d4 g6 2. c4 Bg7 3. e4 Nc6 4. d5 Nd4 5. Ne2 e5 6. Be3 c5 7. dxc6 dxc6 8. Nbc3
Be6 9. Nc1 Ne7 10. Bd3 O-O 11. O-O Qc7 12. Nb3 Rad8 13. Ne2 f5 14. Nbxd4 exd4
15. Bf4 Qa5 16. b4 Qxb4 17. Rb1 Qc5 18. exf5 Bc8 19. fxg6 Nxg6 20. Bd2 Rfe8 21.
Ng3 Qf8 22. Bg5 Bf6 23. Ne4 Bxg5 24. Nxg5 Qh6 25. Ne4 Ne5 26. Re1 b6 27. Ng3 c5
28. Re4 Bb7 29. Nf5 Qg5 30. f4 Qxf5 31. Rxe5 Qxf4 32. Qh5 Rxe5 33. Qxh7+ Kf8
34. Rf1 Qxf1+ 35. Kxf1 Re3 36. Bg6 1-0